2022 FIFA WORLD CUP TEAMS - Statistics

General Stats
  • This quiz has been taken 153 times
    52 since last reset
  • The average score is 27 of 32
Answer Stats
Answer % Correct
GROUP D France
100%
GROUP E Germany
98%
GROUP C Argentina
95%
GROUP E Japan
95%
GROUP H Portugal
95%
GROUP H South Korea
95%
GROUP E Spain
95%
GROUP G Brazil
93%
GROUP B England
93%
GROUP A Qatar
93%
GROUP D Australia
90%
GROUP F Morocco
90%
GROUP F Belgium
88%
GROUP F Canada
88%
GROUP F Croatia
88%
GROUP C Mexico
88%
GROUP A Netherlands
88%
GROUP B USA
88%
GROUP C Saudi Arabia
83%
GROUP H Uruguay
83%
GROUP D Denmark
80%
GROUP G Switzerland
80%
GROUP G Cameroon
78%
GROUP A Senegal
78%
GROUP G Serbia
78%
GROUP E Costa Rica
76%
GROUP B Iran
76%
GROUP C Poland
76%
GROUP A Ecuador
73%
GROUP B Wales
71%
GROUP H Ghana
68%
GROUP D Tunisia
68%
No matching quizzes found
Score Distribution
Percent of People with Each Score
Percentile by Number Answered
Your Score History
You have not taken this quiz since the last reset